000 00309nam a2200133Ia 4500
008 100328s9999 xx 000 0 und d
082 _b73542
100 _aMartini Steve.
245 _aShadow Of Power.
260 _bHeadline.
630 _aShadow Of Power.
730 _aShadow Of Power.
942 _cBOOK
999 _c559263
_d559260